00739nam a22002057a 450000500170000001000150001702000260003203500140005803700090007208200080008110000240008924500750011326000350018827000950022330000200031870000240033894200220036299900190038495201300040320260319141423.0 aENG-147947 a9789355640918c575.00 aEN-131479 bDBAD a954 aSingh Deepak988634 aIndia @ 75 History Post Independence India /cDeepak Singh hEnglish aNew Delhi bDisha Publication  a45, 2nd Floor, Maharishi Dayanand Marg, Corner Market, Malviya Nagar, bNew Delhi e110017 a384p.c29cm(Pb) aSingh Deepak987103 2ddccENh954mSIN c215655d215655 001040718NFICaDBADbDBADd2026-03-19eDBADg575.00l0o954 SINpEN-131479r2026-03-19 00:00:00t1v575.00w2026-03-19yEN